Statistics for Flags of Countries that Border South Africa

Click here to take the quiz!

General Stats

  • This quiz has been taken 240 times
  • The average score is 6 of 6

Answer Stats

Answer% Correct
Swaziland
99%
Lesotho
98%
Botswana
97%
Zimbabwe
96%
Mozambique
95%
Namibia
93%

Score Distribution

Percentile by Number Answered

Percent of People with Each Score

Your Score History

You have not taken this quiz